<?xml version="1.0" encoding="UTF-8"?>
<record
    xmlns:xsi="http://www.w3.org/2001/XMLSchema-instance"
    xsi:schemaLocation="http://www.loc.gov/MARC21/slim http://www.loc.gov/standards/marcxml/schema/MARC21slim.xsd"
    xmlns="http://www.loc.gov/MARC21/slim">

  <leader>00295nam a22001217a 4500</leader>
  <controlfield tag="005">20180912092450.0</controlfield>
  <controlfield tag="008">180912b        xxu||||| |||| 00| 0 eng d</controlfield>
  <datafield tag="022" ind1=" " ind2=" ">
    <subfield code="a">0973-8703</subfield>
  </datafield>
  <datafield tag="245" ind1=" " ind2=" ">
    <subfield code="a">Indian Journal of Marketing</subfield>
  </datafield>
  <datafield tag="260" ind1=" " ind2=" ">
    <subfield code="b">Indian Journal of Marketing</subfield>
    <subfield code="c">2018</subfield>
  </datafield>
  <datafield tag="300" ind1=" " ind2=" ">
    <subfield code="a">p66</subfield>
  </datafield>
  <datafield tag="942" ind1=" " ind2=" ">
    <subfield code="c">JRL</subfield>
  </datafield>
  <datafield tag="999" ind1=" " ind2=" ">
    <subfield code="c">5734</subfield>
    <subfield code="d">5732</subfield>
  </datafield>
  <datafield tag="952" ind1=" " ind2=" ">
    <subfield code="0">0</subfield>
    <subfield code="1">0</subfield>
    <subfield code="4">0</subfield>
    <subfield code="7">0</subfield>
    <subfield code="a">JRU</subfield>
    <subfield code="b">MAIN</subfield>
    <subfield code="c">JRL</subfield>
    <subfield code="d">2018-09-12</subfield>
    <subfield code="e">Purchase</subfield>
    <subfield code="g">2200.00</subfield>
    <subfield code="l">0</subfield>
    <subfield code="p">IJOM0001</subfield>
    <subfield code="r">2018-09-12 00:00:00</subfield>
    <subfield code="w">2018-09-12</subfield>
    <subfield code="y">JRL</subfield>
  </datafield>
  <datafield tag="952" ind1=" " ind2=" ">
    <subfield code="0">0</subfield>
    <subfield code="1">0</subfield>
    <subfield code="4">0</subfield>
    <subfield code="7">0</subfield>
    <subfield code="a">JRU</subfield>
    <subfield code="b">MAIN</subfield>
    <subfield code="c">JRL</subfield>
    <subfield code="d">2019-01-12</subfield>
    <subfield code="e">Purchase</subfield>
    <subfield code="l">0</subfield>
    <subfield code="p">IJOM0002</subfield>
    <subfield code="r">2019-01-12 00:00:00</subfield>
    <subfield code="w">2019-01-12</subfield>
    <subfield code="y">JRL</subfield>
  </datafield>
  <datafield tag="952" ind1=" " ind2=" ">
    <subfield code="0">0</subfield>
    <subfield code="1">0</subfield>
    <subfield code="4">0</subfield>
    <subfield code="7">0</subfield>
    <subfield code="a">JRU</subfield>
    <subfield code="b">MAIN</subfield>
    <subfield code="c">JRL</subfield>
    <subfield code="d">2019-04-26</subfield>
    <subfield code="e">purchase</subfield>
    <subfield code="l">1</subfield>
    <subfield code="p">IJOM0003</subfield>
    <subfield code="r">2019-06-26 00:00:00</subfield>
    <subfield code="s">2019-06-06</subfield>
    <subfield code="w">2019-04-26</subfield>
    <subfield code="y">JRL</subfield>
  </datafield>
  <datafield tag="952" ind1=" " ind2=" ">
    <subfield code="0">0</subfield>
    <subfield code="1">0</subfield>
    <subfield code="4">0</subfield>
    <subfield code="7">0</subfield>
    <subfield code="a">JRU</subfield>
    <subfield code="b">MAIN</subfield>
    <subfield code="d">2019-08-28</subfield>
    <subfield code="e">PURCHASE</subfield>
    <subfield code="l">0</subfield>
    <subfield code="p">IJOM0004</subfield>
    <subfield code="r">2019-08-28 00:00:00</subfield>
    <subfield code="w">2019-08-28</subfield>
    <subfield code="y">JRL</subfield>
  </datafield>
  <datafield tag="952" ind1=" " ind2=" ">
    <subfield code="0">0</subfield>
    <subfield code="1">0</subfield>
    <subfield code="4">0</subfield>
    <subfield code="7">0</subfield>
    <subfield code="a">JRU</subfield>
    <subfield code="b">MAIN</subfield>
    <subfield code="d">2019-08-28</subfield>
    <subfield code="e">PURCHASE</subfield>
    <subfield code="l">1</subfield>
    <subfield code="m">1</subfield>
    <subfield code="p">IJOM0005</subfield>
    <subfield code="r">2023-03-27 00:00:00</subfield>
    <subfield code="s">2020-06-26</subfield>
    <subfield code="w">2019-08-28</subfield>
    <subfield code="y">JRL</subfield>
  </datafield>
  <datafield tag="952" ind1=" " ind2=" ">
    <subfield code="0">0</subfield>
    <subfield code="1">0</subfield>
    <subfield code="4">0</subfield>
    <subfield code="7">0</subfield>
    <subfield code="a">JRU</subfield>
    <subfield code="b">MAIN</subfield>
    <subfield code="c">JRL</subfield>
    <subfield code="d">2019-09-27</subfield>
    <subfield code="e">PURCHASE</subfield>
    <subfield code="l">0</subfield>
    <subfield code="p">IJOM0006</subfield>
    <subfield code="r">2019-09-27 00:00:00</subfield>
    <subfield code="w">2019-09-27</subfield>
    <subfield code="y">JRL</subfield>
  </datafield>
  <datafield tag="952" ind1=" " ind2=" ">
    <subfield code="0">0</subfield>
    <subfield code="1">0</subfield>
    <subfield code="4">0</subfield>
    <subfield code="7">0</subfield>
    <subfield code="a">JRU</subfield>
    <subfield code="b">MAIN</subfield>
    <subfield code="c">JRL</subfield>
    <subfield code="d">2019-10-24</subfield>
    <subfield code="e">PURCHASE</subfield>
    <subfield code="l">0</subfield>
    <subfield code="p">IJOM0007</subfield>
    <subfield code="r">2019-10-24 00:00:00</subfield>
    <subfield code="w">2019-10-24</subfield>
    <subfield code="y">JRL</subfield>
  </datafield>
</record>
